| 000 | 00335nam a22001457a 4500 | ||
|---|---|---|---|
| 003 | SGT | ||
| 020 | _a9789382676218 | ||
| 082 |
_a342.0954 _bRAI |
||
| 100 | _aRAI , KAILASH | ||
| 245 | _aTHE CONSTITUTIONAL LAW OF INDIA | ||
| 250 | _a11 | ||
| 260 |
_aALLAHABAD _bCENTRAL LAW PUBLISHER _c2017 |
||
| 300 | _aLXIV , 964 | ||
| 942 |
_2ddc _cBK |
||
| 999 |
_c23010 _d23010 |
||